000 00269nam a22001217a 4500
008 171019b xxu||||| |||| 00| 0 eng d
041 _aeng
080 _a338
100 _a54
101 _aMEN
245 _aUNBLOCKING YOUR ORGANIZATION
_cFRANCIS.D
942 _2udc
_cBK
999 _c35017
_d35017